[Event "Lovsprings op 11th D"]
[Site "Ringsted"]
[Date "2000.05.05"]
[Round "6"]
[White "Bigum, Vagn"]
[Black "Simonsen, Arnhold"]
[Result "1/2-1/2"]
[WhiteElo "1101"]
[BlackElo "1000"]
[PlyCount "39"]
[EventDate "2000.03.24"]
[EventType "swiss"]
[EventRounds "7"]
[EventCountry "DEN"]
[SourceTitle "EXT 2023"]
[Source "ChessBase"]
[SourceDate "2022.10.05"]
[SourceVersion "1"]
[SourceVersionDate "2022.10.05"]
[SourceQuality "1"]

1. g4 e5 2. Bg2 Bc5 3. e3 g5 4. b3 Nf6 5. Bb2 Nc6 6. Nc3 d6 7. h3 Qe7 8. Bxc6+ bxc6 9. Nf3 Nd7 10. Ne4 Bb4 11. Nfxg5 Bb7 12. Qf3 f6 13. a3 Ba5 14. b4 Bb6 15. h4 c5 16. bxc5 Nxc5 17. Nxf6+ Kd8 18. Nd5 Qd7 19. Nf7+ Ke8 20. Nf6+ 1/2-1/2